Vestuaris de 1984 (Record no. 173911)

MARC details
000 -LEADER
campo de control de longitud fija 00860nam a2200241 i 4500
001 - NÚMERO DE CONTROL
campo de control 173911
003 - IDENTIFICADOR DE NÚMERO DE CONTROL
campo de control ES-MaACL
005 - FECHA Y HORA DE LA ÚLTIMA TRANSACCIÓN
campo de control 20230906215405.0
008 - DATOS DE LONGITUD FIJA--INFORMACIÓN GENERAL
campo de control de longitud fija 100128s1984 sp a |||| |dspa d
080 ## - NÚMERO DE LA CLASIFICACIÓN DECIMAL UNIVERSAL
Número de la Clasificación Decimal Universal 7 Durán Esteva, Pep (064.3)
100 1# - ENTRADA PRINCIPAL--NOMBRE DE PERSONA
Nombre de persona Duran, Pep.
9 (RLIN) 142055
245 10 - MENCIÓN DEL TÍTULO
Título Vestuaris de 1984
Resto del título : Museu Tèxtil i d'Indumentaria, maig-juny 84 /
Mención de responsabilidad, etc. Pep Duran Esteva.
260 ## - PUBLICACIÓN, DISTRIBUCIÓN, ETC.
Lugar de publicación, distribución, etc. Barcelona :
Nombre del editor, distribuidor, etc. Caixa, Obra Social,
Fecha de publicación, distribución, etc. [1984]
300 ## - DESCRIPCIÓN FÍSICA
Extensión [20] p. :
Otras características físicas il. col. y n. ;
Dimensiones 20 x 20 cm.
546 ## - NOTA DE IDIOMA
Nota de lengua/lenguaje Textos en catalán, español e inglés.
600 14 - PUNTO DE ACCESO ADICIONAL DE MATERIA--NOMBRE DE PERSONA
Nombre de persona Duran, Pep-
Subdivisión de forma Exposiciones.
9 (RLIN) 142056
650 #4 - PUNTO DE ACCESO ADICIONAL DE MATERIA--TÉRMINO DE MATERIA
Término de materia o nombre geográfico como elemento de entrada Traje-
Subdivisión de forma Exposiciones.
9 (RLIN) 164750
655 #7 - TERMINO DE INDIZACIÓN--GENERO/FORMA
Fuente del término tgfbne
9 (RLIN) 193628
Datos o término principal de género/forma Catálogos de exposiciones
710 2# - ENTRADA AGREGADA--NOMBRE DE ENTIDAD CORPORATIVA
Nombre de entidad corporativa o nombre de jurisdicción como elemento de entrada Museu Tèxtil i d'Indumentària de Barcelona.
9 (RLIN) 142061
852 ## - LOCALIZACIÓN
Ubicación ES-MaACL
Número de control de estantería 2279-F-1
942 ## - ELEMENTOS DE ENTRADA SECUNDARIOS (KOHA)
Fuente del sistema de clasificación o colocación Clasificación decimal universal
Holdings
Estatus retirado Estado de pérdida Estado de daño No para préstamo Colección Biblioteca de origen Biblioteca actual Ubicación en estantería Fecha de adquisición Fuente de adquisición Total de préstamos Signatura topográfica completa Código de barras Visto por última vez Precio de reemplazo Tipo de ítem Koha
        Colección de folletos Biblioteca del Ateneo de Madrid Biblioteca del Ateneo de Madrid Depósito folletos 28/01/2010     2279-F-1 1182550 23/02/2023 23/02/2023 Folleto